000 00978pam a2200253 a 4500
001 636098
003 OSt
005 20240611150357.0
008 930915s1994 nyua b 001 0 eng
020 _a071672426X
040 _cDDC
082 0 0 _a510 HAR 1994
100 1 _aJacobs, Harold R.
_95324
245 1 0 _aMathematics, A human Endeavor :A book for Those Who Think They Don't Like the Subject .
250 _a3rd ed.
260 _aNew York :
_bW.H. Freeman,
_c1994.
300 _axiii, 678 p. :
_bill. ;
_c26cm.
504 _aIncludes bibliographical references and indexes.
650 0 _aMathematics
_xPopular works.
_95325
856 4 2 _3Publisher description
_uhttp://www.loc.gov/catdir/enhancements/fy1003/93037458-d.html
856 4 1 _3Table of contents only
_uhttp://www.loc.gov/catdir/enhancements/fy1003/93037458-t.html
942 _2ddc
_cO_SHELF
999 _c8387
_d8387